000 00742nam a2200265Ia 4500
003 OSt
005 20221005085355.0
006 a|||||r|||| 00| 0
007 ta
008 221004b |||||||| |||| 00| 0 eng d
024 _a38113
037 _cTextual
040 _aCRL
_cCRL
_beng
041 _2eng
_aeng
082 _aO111,1N19w, H8
100 _aEllmann Richard
110 _aGift from Prof Amitava Banerjee, London
245 0 _aYeats
_b The man and the mask
260 _aNew York
_bE. P. Dutton
_c1948
300 _a331p.
_ccm.
650 _aENGLISH LITERATURE
700 _aGift from Prof Amitava Banerjee, London
942 _hO111,1N19w, H8
_cTEXL
_2cc
999 _c994126
_d994126